LEADER 03516nam 2201069z- 450 001 9910743275003321 005 20230911 035 $a(CKB)5690000000228558 035 $a(oapen)doab114002 035 $a(EXLCZ)995690000000228558 100 $a20230920c2023uuuu -u- - 101 0 $aeng 135 $aurmn|---annan 181 $ctxt$2rdacontent 182 $cc$2rdamedia 183 $acr$2rdacarrier 200 00$aFlow Control, Active and Passive Applications 210 $cMDPI - Multidisciplinary Digital Publishing Institute$d2023 215 $a1 online resource (272 p.) 311 08$a3-0365-8672-5 330 $aThe reprint covers some recent advances in active and passive flow control applications. The reader should consider that the present reprint aims to simply introduce some of the many existing flow control applications. In fact, the goal of the editors is to open a door to this rather novel technology and highlight the importance of optimization techniques in AFC applications. 606 $aHistory of engineering and technology$2bicssc 606 $aTechnology: general issues$2bicssc 610 $a3D blading 610 $aactive flow control 610 $aActive Flow Control 610 $aactive flow control (AFC) 610 $aaerodynamic efficiency 610 $aaerodynamic optimization 610 $aaerodynamic optimization design 610 $aaerodynamics 610 $aairfoil 610 $abionics 610 $ablowing jet control 610 $aboundary layer 610 $aboundary layer transition 610 $aburst 610 $acantilevered stator 610 $acavitation effects 610 $aCFD method 610 $acirculation control 610 $acomputational fluid dynamics 610 $acomputational fluid dynamics (CFD) 610 $acounter-rotating axial fan 610 $acultural algorithm 610 $adistortion characteristics 610 $aDOE optimization algorithm 610 $adrag reduction 610 $aduty cycle 610 $aevolutionary algorithms 610 $aflapping wing 610 $aflow control 610 $agenetic algorithms 610 $aGenetic Algorithms 610 $agradient-based methods 610 $agrid-fin 610 $agust load alleviation 610 $aHybrid Methods 610 $ahydrostatic bearing 610 $ahysteresis effect 610 $ainterturbine transition duct 610 $alarge eddy simulation 610 $alarge maneuver state 610 $aleakage flow 610 $amicrotexture 610 $amulti-element configuration 610 $an/a 610 $anested mesh 610 $anumerical simulation 610 $aoptimization 610 $aorthogonal experiment 610 $aplasma actuator 610 $apre-stall angles 610 $ariblets 610 $asecondary flow 610 $aslip length 610 $asubmerged inlet 610 $asweeping rods 610 $asynthetic jet 610 $aSynthetic Jets 610 $atotal pressure distortion index 610 $atrailing edge flow 610 $aunsteady flow 610 $aunsteady flow characteristics 610 $awavy leading edge 610 $awing angle blade 615 7$aHistory of engineering and technology 615 7$aTechnology: general issues 906 $aBOOK 912 $a9910743275003321 996 $aFlow Control, Active and Passive Applications$93560547 997 $aUNINA